LEADER 01479nam a2200277 u 4500 001 000000116714 003 CaOOAMICUS 005 20090721120152.0 008 090721s2009 it u000 u ita r 020 $z978-88-13-29260-7* 040 $aPUL$bita$dLDB 245 03$aIl contratto :$bvalidità, inadempimento, risarcimento /$ca cura di Luigi Viola. 260 $aPadova :$bCEDAM,$cc2009. 300 $a2 v. ;$c22 cm +$e1 CD-Rom 490 1 $aIl diritto applicato. I grandi temi 650 4$aContratti$xDiritto$vManuali, compendi.$0(OLS)http://pul/subject/35500 700 1 $aViola, Luigi.$0(OLS)http://pul/name/72529 830 3$aIl diritto applicato. I grandi temi.$0(OLS)http://pul/title/137455 850 $aPUL 852 $aPUL$W1$xSL Diritto e Scienze Sociali 3$y79$m346. 45 CASGI 7.1$j133828$av. 1$qDDC 21$B132856$CPULBib$Z2$F132856 $H111120 $82 852 $aPUL$W1$xSL Diritto e Scienze Sociali 3$y79$m346. 45 CASGI 7.2$j133829$av. 2$qDDC 21$B132857$CPULBib$Z2$F132857 $H111121 $82 852 $aPUL$W1$xSL Diritto e Scienze Sociali 3$y79$m346. 45 CASGI 7.1CD$j133830$aCD-ROM$qDDC 21$B132858$CPULBib$Z2$F132858 $H111122 $82 941 1 $a9 996 $6020$z978-88-13-29260-7*$9(OLS)http://pul/number/141502 996 $6245$aIl contratto :$bvalidità, inadempimento, risarcimento$9(OLS)http://pul/title/146713 996 $6260$aPadova :$bCEDAM$9(OLS)http://pul/publisher/48126 LEADER 02668nam a2200421 a 4500 001 000000164371 003 CaOOAMICUS 005 20171120115221.0 008 171120m19311936it u000 u ita r 032 $aLibriCat 040 $aPUL$bita 100 1 $aVenezian, Giacomo.$0(OLS)http://pul/name/67322 245 10$aDell'usufrutto dell'uso e dell'abitazione /$cGiacomo Venezian. 250 $a2. ed. riveduta e messa a giorno con la dottrina e la giurisprudenza dal prof. Giuseppe Osti (Fulvio Maroi, v. 2). 260 $aNapoli :$bE. Marghieri ;$aTorino :$bUTET,$c1931-1936. 300 $a2 v. ;$c24 cm. 490 1 $aIl diritto civile italiano secondo la dottrina e la giurisprudenza 500 $aSul frontespizio della serie: Parte quinta. Delle servitù. 505 0 $aV. 1. L'usufrutto e le sue modificazioni, gli usi pubblici e gli usi collettivi, costituzione dell'usufrutto. -- v. 2. Diritti e obblighi dell'usufruttuario, l'usufrutto nel patrimonio dell'usufruttuario, estinzione dell'usufrutto, l'uso e l'abitazione. 650 4$aUsufrutto.$0(OLS)http://pul/subject/8464 650 4$aDiritto civile$zItalia.$0(OLS)http://pul/subject/3770 700 1 $aMaroi, Fulvio,$d1891-1954.$0(OLS)http://pul/name/28846 700 1 $aOsti, Giuseppe.$0(OLS)http://pul/name/18044 740 02$aDiritti e obblighi dell'usufruttuario, l'usufrutto nel patrimonio dell'usufruttuario, estinzione dell'usufrutto, l'uso e l'abitazione. 740 22$aL'usufrutto e le sue modificazioni, gli usi pubblici e gli usi collettivi, costituzione dell'usufrutto. 830 3$aIl diritto civile italiano secondo la dottrina e la giurisprudenza.$0(OLS)http://pul/title/204040 850 $aPUL 852 $aPUL$W1$xDP2 Diritto e Scienze Sociali 1$y65$m250 F 1.19$j188503$bv. 1$qStampati$B191669$CPULBib$Z2$F191669 $81 852 $aPUL$W1$xDP2 Diritto e Scienze Sociali 1$y65$m250 F 1.20$j188504$bv. 2$qStampati$B191670$CPULBib$Z2$F191670 $81 941 1 $a8 961 $aEx libris: U.mi Viri A. Borettini. 961 $aEx libris: U.mi Viri A. Borettini. 996 $6245$aDell'usufrutto dell'uso e dell'abitazione$9(OLS)http://pul/title/204051 996 $6740$aDiritti e obblighi dell'usufruttuario, l'usufrutto nel patrimonio dell'usufruttuario, estinzione dell'usufrutto, l'uso e l'abitazione$9(OLS)http://pul/title/204053 996 $6740$aL'usufrutto e le sue modificazioni, gli usi pubblici e gli usi collettivi, costituzione dell'usufrutto$9(OLS)http://pul/title/204052 996 $6260$aNapoli :$bE. Marghieri$9(OLS)http://pul/publisher/53540 996 $6260$aTorino :$bUTET$9(OLS)http://pul/publisher/48088